000 00501nam a2200169Ia 4500
008 240729s9999 xx 000 0 und d
022 _a2589-5516
245 0 _aJournal of Acute Disease
260 _aIndia
260 _bWolters Kluwer Medknow Publications
650 _a Internal medicine
650 _a Medical emergencies. Critical care. Intensive care. First aid
650 _aMedicine
856 _uhttps://doaj.org/toc/967dc42a21cf49d78b0efaa12913c4a6
942 _2ddc
942 _cDOAJEJ
999 _c71795
_d71795
945 _a1
_bMadushi Gamage
_c1
_dMadushi Gamage